Statystyki dla Kraje najbliżej Kanady - Jedna Minuta Sprint

Kliknij tutaj aby rozwiązać quiz!

Ogólne statystyki

  • Ten quiz został rozwiązany 636 razy
  • Średni wynik to 8 z 20

Statystyki odpowiedzi

kmkraj% Poprawnych
0Stany Zjednoczone
97%
1809Meksyk
96%
26Grenlandia (Dania)
72%
1238Rosja
63%
2065Kuba
61%
2625Jamajka
44%
2644Dominikana
43%
1232Bermudy (Zjednoczone Królestwo)
42%
1638Islandia
40%
2582Haiti
38%
2823Honduras
37%
2733Gwatemala
33%
1657Bahamy
32%
8Saint-Pierre i Miquelon (Francja)
32%
2642Belize
30%
2200Norwegia
18%
1928Azory (Portugalia)
15%
2352Szwecja
14%
2832Sint Maarten (Holandia)
11%
2342Finlandia
9%

Rozkład punktacji

Percentyl według liczby udzielonych odpowiedzi

Procent ludzi z każdym wynikiem

Twoja historia wyników

Nie rozwiązałeś tego quizu